Personnages Zelda (SPOIL!) - Statistiques

Statistiques générales
  • Ce quiz a été pris 523 fois
  • Le résultat moyen est 47 sur 138
Statistiques - réponses
Hint Réponse % Correct
Antagoniste principal sous forme d'un sanglier (The Legend of Zelda) Ganon
93%
Héros, détenteur de la Triforce du Courage Link
86%
Antagoniste majeur des jeux Zelda Ganondorf
82%
Princesse d'Hyrule, détenteuse de la Triforce de la Sagesse Zelda
79%
Cheval emblématique du Héros principal Épona
73%
Nourrice de Zelda, sage de l'ombre (Ocarina of Time) Impa
72%
Kokiri jaloux du héros (Ocarina of Time) Mido
68%
Princesse du crépuscule (Twilight Princess) Midona
66%
Gardien de la forêt (Ocarina of Time) Arbre Mojo
64%
Prodige Goron, chaleureux et amical (Breath of the Wild) Daruk
61%
Esprit contenu dans l'épée de légende, compagnion du héros (Skyward Sword) Fay
61%
Princesse Zora, prodige du peuple de l'eau (Breath of the Wild) Mipha
59%
Identité secrète de la princesse pour fuir Ganondorf (Ocarina of Time) Sheik
59%
Déesse du courage. Elle aurait crée toutes sortes de vie en Hyrule. Farore
58%
Fée accompagnant le héros dans son aventure (Ocarina of Time) Navi
58%
Fille du chef du ranch (Ocarina of Time) Malon
57%
Amie d'enfance du héros, sage de la forêt (Ocarina of Time) Saria
57%
Chef des gorons et l'un des sept sages (Ocarina of Time) Darunia
56%
Déesse de la force, ayant le pouvoir du feu Din
56%
Antagoniste principal, manipulé par le masque de Majora (Majora's Mask) Skull Kid
56%
Monstres ressemblant à des petits cochons (BOTW,etc) Bokoblin
55%
Prodige du peuple Piaf, orgueilleux et fier (Breath of the Wild) Revali
55%
Alternative maléfique du héros principal Dark Link
54%
Princesse Zora, sage de l'au (Ocarina of Time) Ruto
52%
Petit homme vert vendant des cartes du royaume (Majora's Mask) Tingle
51%
Antagoniste principal (Skyward Sword) Avatar du Néant
50%
Esprit contenu dans l'épée de l'antagoniste (Skyward Sword) Ghirahim
50%
Divinité vénérée par le peuple de l'eau (Ocarina of Time) Jabu-Jabu
50%
Déesse de la sagesse Nayru
50%
Commerçant reconnu pour son "Oh Thank You!" Terry
50%
Déesse réincarnée sous une forme humaine (Skyward Sword) Hylia
48%
Prodige Gerudo, amie de la défunte mère de la princesse (Breath of the Wild) Urbosa
48%
Pirate se révélant être la princesse (Wind Waker) Tétra
47%
Boss de la caverne dodongo (Ocarina of Time) Dodongo
46%
Bateau à voile du héros principal (Wind Waker) Lion Rouge
46%
Prince Zora, frère de la défunte prodige Zora (Breath of the Wild) Sidon
46%
Antagoniste principal (Four Swords) Vaati
46%
Imposteur du crépuscule (Twilight Princess) Xanto
45%
Créature démoniaque scellée dans le vallon du sceau (Skyward Sword) Le Banni
43%
Fille du peuple Piaf, servante du dragon (Wind Waker) Médolie
42%
Créature divine des Gerudos (Breath of the Wild) Vah Naboris
42%
Soeur de Link (Wind Waker) Arielle
41%
Goron immense (Ocarina of Time) Biggoron
41%
Chef du laboratoire antique d'Elimith (Breath of the Wild) Pru'ha
41%
Créture divine des Piafs (Breath of the Wild) Vah Medoh
41%
Créature divine des Zoras (Breath of the Wild) Vah Ruta
41%
Boss du premier temple, ressemblant fortement à une araignée (Ocarina of Time) Gohma
40%
Transformation crépusculaire de Link (Twilight Princess) Link Loup
40%
Créature divine des Gorons (Breath of the Wild) Vah Rudania
40%
Gardien du cimetière de Cocorico (Ocarina of Time) Igor
39%
Sorcière gérante du magasin de potions (Majora's Mask) Kotake
39%
Sorcière mise à terre par SkullKid (Majora's Mask) Koume
39%
Piaf musicien (Breath of the Wild) Asarim
38%
Boss du temple de l'ombre (Ocarina of Time) Bongo-Bongo
38%
Amie d'enfance de Link, fille du chef de Toal (Twilight Princess) Iria
37%
Chef des Yigas (Breath of the Wild) Kohga
37%
Jeune fille qui vous recueille après votre naufrage (Link's Awakening) Marine
37%
Boss de la créature divine des Zoras (Breath of the Wild) Ombre d'eau de Ganon
36%
Boss de la créature divine des Gorons (Breath of the Wild) Ombre de feu de Ganon
36%
Sage de l'esprit, Gerudo hautement placée (Ocarina of Time) Nabooru
35%
Habitante de Céléstia qui vous téléporte (Twilight Princess) Baba
34%
Boss de la créature divine des Gerudos (Breath of the Wild) Ombre de foudre de Ganon
34%
Boss de la créature divine des Piafs (Breath of the Wild) Ombre de vent de Ganon
34%
Dragon esprit de feu, ancien gardien de la source de la force (Breath of the Wild) Ordrac
34%
Chef du peuple Gerudo, descendante de la prodige Gerudo(Breath of the Wild) Riju
34%
Esprit sous forme de cheval (Zelda BOTW) Alpha
33%
Sage du temple du temps (Ocarina of Time) Rauru
33%
Dragon, ancien gardien de la source du courage (Breath of the Wild) Rordrac
33%
Jeune homme voulant plaire à Zelda par tous les moyens (Skyward Sword) Hergo
32%
Dragon esprit de glace (Breath of the Wild) Nedrac
32%
Korogu géant jouant des maracas (Breath of the Wild) Noïa
32%
Chef du ranch Lonlon (Ocarina of Time) Talon
32%
Descendant du prodige goron (Breath of the Wild) Yunobo
32%
Collectionneuse d'insectes (Twilight Princess) Machaon
31%
Garçon réservé et timide de l'école de chevalerie (Skyward Sword) Céléstin
30%
Dragon de foudre dans le désert (Skyward Sword) Lanelle
30%
Patron du chef du village d'Euzero (Breath of the Wild) Sérasieh
30%
Seul fée masculine de l'univers connu (Majora's Mask) Taël
30%
Descendant du prodige Piaf (Breath of the Wild) Teba
30%
Chef du laboratoire antique d'Akkala (Breath of the Wild) Faras
29%
Dragonne d'eau veillant sur la forêt (Skyward Sword) Firone
29%
Défunt roi d'Hyrule, mort dans la bataille (Breath of the Wild) Rhoam
28%
Dragon vénéré par les piafs (Wind Waker) Valoo
28%
Antagoniste majeure, sorcière maléfique (Hyrule Warriors) Cya
27%
Boss du temple de la forêt (Ocarina of Time) Ganon spectral
27%
Groupe d'enfants de Bourg-Clocher (Majora's Mask) Bombers
26%
Chef du ranch, après le triomphe de Ganondorf (Ocarina of Time) Ingo
26%
Gérant de l'antre des monstres (Breath of the Wild) Kilton
26%
Enfant de Toal idolant Link (Twilight Princess) Colin
25%
Grande fée des chevaux (Breath of the Wild) Marlon
25%
Roi des Zoras et père de l'un des prodiges (Breath of the Wild) Dorefah
24%
Éleveuse de cocottes à Cocorico (Majora's Mask) Anju
23%
Goron dont l'esprit est contenu dans le masque Goron (Majora's Mask) Darmani
23%
Soeur de l'antagoniste principale (Hyrule Warriors) Lana
23%
Grand esprit des cieux, amateur de soupe à la citrouille (Skyward Sword) Narisha
23%
Dragon de feu (Skyward Sword) Ordinn
23%
Fée accompagnant le héros pour retrouver son frère (Majora's Mask) Taya
23%
Principal antagoniste (A Link To The Past) Agahnim
22%
Enfant de Toal commerçant (Twilight Princess) Balder
22%
Boss du temple de l'eau (Ocarina of Time) Morpha
21%
Morse des sables préféré de la chef Gerudo (Breath of the Wild) Patricia
21%
Boss du temple du feu (Ocarina of Time) Volcania
21%
Boss du ventre de Jabu-Jabu (Ocarina of Time) Barinade
20%
Maître de l'école de chevalerie et père de Zelda (Skyward Sword) Gaepora
19%
Prince Zora recueilli par Iria (Twilight Princess) Lars
19%
Chef des Minishs, transformé en chapeau par son apprenti (Minish Cap) Exelo
18%
Garde personnelle de la chef Gerudo (Breath of the Wild) Beterah
17%
Chef et créateur du village d'Euzero (Breath of the Wild) Grosaillieh
17%
Charpentier travaillant pour "Sérasieh et associés" (Breath of the Wild) Frobasieh
16%
Jeune Sheikah, assistante de l'ancienne de Cocorico (Breath of the Wild) Pahya
16%
Chef du village des Piafs (Breath of the Wild) Kaï
15%
Marchand de bombes (Twilight Princess) Crahmé
14%
Homme frappé par une malédiction, transformé en or (Twilight Princess) Giovanni
14%
Esprit renfermé dans le masque Zora (Majora's Mask) Mikau
14%
Démon voulant devenir humain (Skyward Sword) Morcego
14%
Expert en plantes à l'école de chevalerie (Skyward Sword) Arfan
13%
Patronne de l'auberge (Twilight Princess) Telma
13%
Sheikah, assistant de Pru'ha (Breath of the Wild) Canel
12%
Masse glacée du crépuscule (Twilight Princess) Blizzarnia
11%
Roc incandescente (Boss Skyward Sword) Bela Darma
10%
Épouvantail amateur de nouvelles mélodies (Ocarina of Time) Bonooru
10%
Nom donné à la pierre guide du laboratoire d'Akkala (Breath of the Wild) Cherry
10%
Vieux voisin épéiste du héros (Wind Waker) Orco
10%
Grande fée se situant aux alentours de Cocorico (Breath of the Wild) Cotura
9%
Peintre Sheikah, se baladant en Hyrule (Breath of the Wild) Kangis
9%
Grande fée se trouvant dans les contrées Gerudos (Breath of the Wild) Tera
9%
Prêtre Zora, prêtre de "Sérasieh et associés" (Breath of the Wild) Klavieh
8%
Femme du chef d'Euzero (Breath of the Wild) Kornuieh
8%
Reine décédée des Zoras (Twilight Princess) Luterra
8%
Fée accompagnant le héros (Hyrule Warriors) Proxie
8%
Fils du chef du peuple Piaf, peureux et chétif (Wind Waker) Scaff
8%
Esprit gardien de Labrynna et Holodrum (Oracle of Ages) Bojo
7%
Chef de Toal (Twilight Princess) Bohdan
6%
Grande fée située vers Euzero (Breath of the Wild) Mijah
6%
Prêtre gardant les enfants de Toal (Twilight Princess) Reynald
6%
Grande fée se situant à Tabanta (Breath of the Wild) Caesa
5%
Teneur de l'atelier de rénovation (Skyward Sword) Dorco
4%
Érudit, membre de la résistance contre le seigneur du malin (Twilight Princess) Jehd
4%
Aucun quiz correspondant
Distribution des résultats
% des personnes avec chaque résultat
Percentile par nombre de réponses
Votre historique - résultats
Vous n’avez pas pris ce quiz